| Tag |
First Indicator |
Second Indicator |
Subfields |
| LEADER |
00000cam a2200000 a 4500 |
| 001 |
in00000512721 |
| 005 |
20151013092915.0 |
| 008 |
840322s1983 flu 00011 spa d |
| 010 |
|
|
|a 83081036
|
| 020 |
|
|
|a 0897293312
|
| 035 |
|
|
|a (OCoLC)10549636
|
| 035 |
|
|
|9 ACG0730AM
|
| 040 |
|
|
|a DZM
|c DZM
|d TXA
|d UtOrBLW
|
| 049 |
|
|
|a TXAM
|c [1659320]
|
| 090 |
|
|
|a PQ7390.S26
|b C8 1983
|
| 100 |
1 |
|
|a Sánchez-Boudy, José.
|
| 245 |
1 |
0 |
|a Cuentos de la ninez y otros /
|c Jose Sanchez-Boudy.
|
| 264 |
|
1 |
|a Miami, FL :
|b Ediciones Universal,
|c 1983.
|
| 300 |
|
|
|a 79 pages ;
|c 22 cm.
|
| 336 |
|
|
|a text
|b txt
|2 rdacontent
|
| 337 |
|
|
|a unmediated
|b n
|2 rdamedia
|
| 338 |
|
|
|a volume
|b nc
|2 rdacarrier
|
| 490 |
0 |
|
|a Coleccion Caniqui
|
| 999 |
|
|
|a MARS
|
| 999 |
f |
f |
|s cc83df20-579f-3f62-90ae-3ebd211f2e12
|i ebe0fde2-ed35-31fb-b58a-ab6c1870fc0e
|t 0
|
| 952 |
f |
f |
|p normal
|a Texas A&M University
|b College Station
|c Sterling C. Evans Library
|d Evans: Library Stacks
|t 0
|e PQ7390.S26 C8 1983
|h Library of Congress classification
|i unmediated -- volume
|m A14808088253
|
| 998 |
f |
f |
|a PQ7390.S26 C8 1983
|t 0
|l Evans: Library Stacks
|